Welcome to the Holygrace Academy Library

Please use search bar below to get started

THE BEST QUIZZES (Record no. 6304)

MARC details
000 -LEADER
fixed length control field 00371nam a22001457a 4500
020 ## - INTERNATIONAL STANDARD BOOK NUMBER
ISBN 978-0-14-303036-2
082 ## - DEWEY DECIMAL CLASSIFICATION NUMBER
Classification number 001
Item number BRI/B
100 ## - MAIN ENTRY--AUTHOR NAME
Personal name DEREK O'BRIEN
245 ## - TITLE STATEMENT
Title THE BEST QUIZZES
260 ## - PUBLICATION, DISTRIBUTION, ETC. (IMPRINT)
Place of publication GURGAON
Name of publisher PENGUIN BOOKS INDIA
Year of publication 2003
300 ## - PHYSICAL DESCRIPTION
Number of Pages 197
520 ## - SUMMARY, ETC.
Summary, etc 1500 TOP/DRAWER QUESTIONS FROM ASIA'S BEST-KNOWN QUIZMASTER
650 ## - SUBJECT ADDED ENTRY--TOPICAL TERM
Topical Term QUIZ
Geographic subdivision INDIA
942 ## - ADDED ENTRY ELEMENTS (KOHA)
Koha item type Books
Holdings
Withdrawn status Lost status Collection code Home library Current library Shelving location Date acquired Source of acquisition Cost, normal purchase price Full call number Accession Number Koha item type
    G.K Main Library Main Library SHELF-17B-- G.K RELATED QUIZ BOOK 28/11/2019 purchase 250.00 001 BRI/B 12125 Books